00501 a2200181 4500001000700000020002200007040001100029100001900040240004100059245003600100300000700136362000900143440001400152697002400166942000700190952010300197999001900300190066 a978-85-99306-33-8 cMagnum aRibeiro, Jonas10aÉ uma janela ou uma banguela?lpor10aÉ uma janela ou uma banguela? a240 a2011 1aElementar aLITERATURA INFANTIL cBK 00104070a32.5b32.5d2024-06-08l0o869.0.747pMAG00066072r2024-06-08 21:15:56w2024-06-08yBK c190066d190066